| 000 | 00726nam a2200217 a 4500 | ||
|---|---|---|---|
| 001 | 5582 | ||
| 003 | CO-ViMGA | ||
| 008 | 141112s2004 ck r 000 u spa d | ||
| 040 |
_aCO-ViMGA _bspa _cCO-ViMGA |
||
| 082 | 0 | 4 | _a574.5 O637 |
| 245 | 1 | 0 | _aOperación tierra |
| 260 |
_aBuenos Aires : _bSigmar, _c1994 |
||
| 300 | _a6 v : il | ||
| 500 | _aEn colección v.1 - 4, 6 Contenido : v.2, El agua en peligro; v.3, Bosques en extinción; v.4, La trampa de la humanidad; v.6, El derroche de la energía. | ||
| 650 | 1 | 4 |
_aAGUA - CONTAMINACION _950114 |
| 650 | 1 | 4 |
_aAIRE - CONTAMINACION _950115 |
| 650 | 1 | 4 |
_aBOSQUE - CONTAMINACION _93932 |
| 650 | 1 | 4 |
_aCONTAMINACION AMBIENTAL _93933 |
| 650 | 1 | 4 |
_aECOLOGIA _9445 |
| 942 |
_2ddc _cBK |
||
| 999 |
_c17566 _d17566 |
||